| 000 | 00394nam a22001457a 4500 | ||
|---|---|---|---|
| 005 | 20170720144008.0 | ||
| 008 | 170720b xxu||||| |||| 00| 0 eng d | ||
| 040 | _cPK-LaUMT | ||
| 082 |
_aZIAC 297.082 _bAIS-W |
||
| 100 | _aAisha Lemu , B. | ||
| 245 |
_aWoman in Islam/ _cB. Aisha Lemu and Fatima Heeran |
||
| 260 |
_aLondon: _bIslamic council of europe, _c1978 |
||
| 300 | _a51 p. | ||
| 942 | _cBK | ||
| 999 |
_c95410 _d95410 |
||